| 000 | 00631nam a22002297a 4500 | ||
|---|---|---|---|
| 005 | 20170124105936.0 | ||
| 010 | _aA-108131 | ||
| 020 |
_c00.00 _a0835675602 |
||
| 035 | _aA-108131 | ||
| 037 | _bCen Lib/Ret | ||
| 040 |
_aDPL _bEN |
||
| 082 |
_a212 _bHOD |
||
| 100 |
_aHodson, Geoffrey _99715 |
||
| 245 |
_aBasic theosophy / _cby Geoffrey Hodson |
||
| 246 | _b | ||
| 260 |
_bThe Theosophical Publishing house _aAdyar _c1981 |
||
| 270 |
_bAdyar _e600020 |
||
| 300 |
_ax, 571p. _c21cm(Hb) |
||
| 650 |
_aAncient wisdom _z _99716 |
||
| 650 |
_aTheosophical society _99717 |
||
| 942 |
_2ddc _cEN _h212 _mHOD |
||
| 999 |
_c124190 _d124190 |
||